Countries within 500km of South Sudan - Statistics

General Stats
  • This quiz has been taken 30 times
  • The average score is 8 of 9
Answers on the Map
Answers color-coded by a green-red scale on the quiz's map according to % correct below.
 
Answer Stats
Answer % Correct
Sudan
100%
Democratic Republic of the Congo
96%
Ethiopia
96%
Kenya
96%
Uganda
96%
Eritrea
92%
Tanzania
92%
Central African Republic
88%
Chad
81%
No matching quizzes found
Score Distribution
Percent of People with Each Score
Percentile by Number Answered
Your Score History
You have not taken this quiz